| 000 | 01264nam a22002177a 4500 | ||
|---|---|---|---|
| 999 |
_c63936 _d63936 |
||
| 003 | Ge_BSU | ||
| 005 | 20260225154524.0 | ||
| 008 | 260225s2000 ge ||||| |||| 00| 0 geo d | ||
| 041 | _ageo | ||
| 080 | _a338(479.22) ე-49 | ||
| 245 |
_aეკონომიკის აქტუალური საკითხები : _b(სამეცნიერო ნაშრომთა კრებული). გამოშვება 13 / _cთსუ; [სარედ. კოლ.: ლ. ყორღანაშვილი (მთ. რედ.) და სხვ.]. |
||
| 264 |
_aთბილისი : _bთბილ. უნ-ტის გამ-ბა, _c 2000. |
||
| 300 |
_a135 გვ. ; _b20 სმ. |
||
| 653 | _aსაქართველოს ეკონომიკა | ||
| 700 |
_aყორღანაშვილი, ლ. _eრედაქტორი _922451 |
||
| 700 |
_aცერცვაძე, ა. _eავტორი _926968 |
||
| 700 |
_aწიკლაშვილი, ნ. _eავტორი _910800 |
||
| 700 |
_aჭელიძე, მ. და სხვ. _eავტორი _926969 |
||
| 710 |
_aთბილისის სახელმწიფო უნივერსიტეტი. _926970 |
||
| 942 |
_2udc _cᲬᲘᲒᲜᲘ |
||